[Event "Heart of Finland op 31st"]
[Site "Jyvaskyla"]
[Date "2023.07.18"]
[Round "2"]
[White "Parkkinen, Jyrki"]
[Black "Kujala, Tuomas"]
[Result "1-0"]
[WhiteElo "2086"]
[BlackElo "1751"]
[PlyCount "111"]
[EventDate "2023.07.17"]
[EventType "swiss"]
[EventRounds "9"]
[EventCountry "FIN"]
[SourceTitle "CBM 215 Extra"]
[Source "ChessBase"]
[SourceDate "2023.09.30"]
[SourceVersion "1"]
[SourceVersionDate "2023.09.30"]
[SourceQuality "1"]

1. Nf3 Nf6 2. c4 e6 3. g3 d5 4. Bg2 d4 5. 0-0 c5 6. d3 Nc6 7. e3 Bd6 8. exd4 cxd4 9. Bg5 h6 10. Bxf6 Qxf6 11. Nbd2 Qe7 12. Re1 Qd7 13. a3 a5 14. Qc2 0-0 15. c5 Be7 16. b3 Rb8 17. Reb1 b5 18. cxb6 Rxb6 19. Nc4 Rb5 20. Qe2 f6 21. h3 e5 22. Nfd2 Nd8 23. a4 Rc5 24. b4 axb4 25. Rxb4 Rc7 26. Nb6 Qd6 27. Rb2 Bb7 28. a5 Bxg2 29. Kxg2 Ne6 30. Nbc4 Qd7 31. Nb6 Qd6 32. f3 Nc5 33. Ne4 Qe6 34. Nxc5 Bxc5 35. Nc4 Re8 36. g4 Rce7 37. a6 h5 38. Qe4 Ra7 39. Qg6 Rf8 40. gxh5 Qf7 41. Rb5 Rc8 42. Rab1 Bf8 43. Qxf7+ Rxf7 44. Rb8 Rxb8 45. Rxb8 Ra7 46. Nb6 Rxa6 47. Nd7 Ra2+ 48. Kg3 Rd2 49. Nxf8 Rxd3 50. Ng6+ Kf7 51. Rb7+ Kg8 52. h6 gxh6 53. Kg4 h5+ 54. Kxh5 Rxf3 55. h4 d3 56. Kh6 1-0